000 00280nam a22001337a 4500
008 221212b ||||| |||| 00| 0 eng d
041 _aeng
080 _a61
082 _a61SAN
100 _a4
101 _aMJEKS
245 _aEPILEPSY A HANDBOOK
_cSANDS .H
942 _2udc
_cBK
999 _c59160
_d59160